[Event "World Cup 2021"]
[Site "Sochi"]
[Date "2021.07.24"]
[Round "31.5"]
[White "Artemiev Vladislav (RUS)"]
[Black "Karjakin Sergey (RUS)"]
[Result "0-1"]
[WhiteElo "2704"]
[BlackElo "2757"]
[Annotator ""]
[Source ""]
[Remark ""]

1.d4 {[%clk 0:10:18]} Nf6 {[%clk 0:10:19]} 2.Bf4 {[%clk 0:10:26]}
d5 {[%clk 0:10:27]} 3.e3 {[%clk 0:10:34]} c5 {[%clk 0:10:35]}
4.Nc3 {[%clk 0:10:43]} e6 {[%clk 0:10:15]} 5.Nb5 {[%clk 0:10:48]}
Na6 {[%clk 0:10:24]} 6.c3 {[%clk 0:10:50]} Be7 {[%clk 0:10:30]}
7.h3 {[%clk 0:09:35]} O-O {[%clk 0:10:37]} 8.Nf3 {[%clk 0:09:43]}
Bd7 {[%clk 0:09:20]} 9.a4 {[%clk 0:09:28]} c4 {[%clk 0:08:37]}
10.Be2 {[%clk 0:07:33]} Bxb5 {[%clk 0:08:22]} 11.axb5 {[%clk 0:07:41]}
Nc7 {[%clk 0:08:31]} 12.Qa4 {[%clk 0:06:14]} Bd6 {[%clk 0:08:13]}
13.Bg5 {[%clk 0:03:40]} a6 {[%clk 0:07:20]} 14.bxa6 {[%clk 0:03:44]}
Rxa6 {[%clk 0:07:28]} 15.Qd1 {[%clk 0:03:53]} Rxa1 {[%clk 0:07:33]}
16.Qxa1 {[%clk 0:04:02]} Qa8 {[%clk 0:07:42]} 17.O-O {[%clk 0:03:57]}
Ne4 {[%clk 0:07:49]} 18.Bf4 {[%clk 0:03:53]} Bxf4 {[%clk 0:07:54]}
19.exf4 {[%clk 0:04:02]} Qxa1 {[%clk 0:07:43]} 20.Rxa1 {[%clk 0:04:10]}
Ra8 {[%clk 0:07:52]} 21.Rxa8+ {[%clk 0:04:18]} Nxa8 {[%clk 0:08:00]}
22.Kf1 {[%clk 0:03:54]} b5 {[%clk 0:08:07]} 23.Bd1 {[%clk 0:02:39]}
Nb6 {[%clk 0:08:16]} 24.Ne1 {[%clk 0:02:47]} f6 {[%clk 0:07:25]}
25.Bc2 {[%clk 0:02:53]} Kf7 {[%clk 0:06:39]} 26.Ke2 {[%clk 0:03:01]}
Nd6 {[%clk 0:06:16]} 27.Nf3 {[%clk 0:01:55]} h6 {[%clk 0:06:23]}
28.h4 {[%clk 0:01:44]} Ke7 {[%clk 0:06:24]} 29.Nd2 {[%clk 0:01:43]}
Kd7 {[%clk 0:06:02]} 30.Nb1 {[%clk 0:01:15]} Kc6 {[%clk 0:05:55]}
31.Na3 {[%clk 0:01:05]} Nbc8 {[%clk 0:04:27]} 32.Bb1 {[%clk 0:00:52]}
Nb6 {[%clk 0:03:23]} 33.Bc2 {[%clk 0:00:58]} Kb7 {[%clk 0:03:30]}
34.Kd2 {[%clk 0:00:27]} Ka6 {[%clk 0:03:37]} 35.Bh7 {[%clk 0:00:30]}
Ka5 {[%clk 0:02:33]} 36.Nc2 {[%clk 0:00:15]} Ka4 {[%clk 0:01:10]}
37.Nb4 {[%clk 0:00:24]} Kb3 {[%clk 0:00:30]} 38.Kc1 {[%clk 0:00:33]}
f5 {[%clk 0:00:38]} 39.Na6 {[%clk 0:00:17]} Na4 {[%clk 0:00:12]}
40.Nc5+ {[%clk 0:00:26]} Nxc5 {[%clk 0:00:21]} 41.dxc5 {[%clk 0:00:35]}
Ne8 {[%clk 0:00:30]} 42.Bg6 {[%clk 0:00:28]} Nc7 {[%clk 0:00:39]}
43.Bh5 {[%clk 0:00:35]} Ka4 {[%clk 0:00:47]} 44.Kd2 {[%clk 0:00:31]}
b4 {[%clk 0:00:48]} 45.Ke3 {[%clk 0:00:34]} Kb3 {[%clk 0:00:38]}
46.cxb4 {[%clk 0:00:19]} Kxb2 {[%clk 0:00:45]} 47.Kd4 {[%clk 0:00:23]}
Nb5+ {[%clk 0:00:27]} 48.Ke5 {[%clk 0:00:32]} c3 {[%clk 0:00:24]}
49.Bd1 {[%clk 0:00:36]} d4 {[%clk 0:00:32]} 50.Kxd4 0-1

[Event "World Cup 2021"]
[Site "Sochi"]
[Date "2021.07.25"]
[Round "33.4"]
[White "Vidit Santosh Gujrathi (IND)"]
[Black "Durarbayli Vasif (AZE)"]
[Result "1/2-1/2"]
[WhiteElo "2726"]
[BlackElo "2625"]
[Annotator ""]
[Source ""]
[Remark ""]

1.d4 {[%clk 1:29:53]} d5 {[%clk 1:29:09]} 2.c4 {[%clk 1:30:14]}
c6 {[%clk 1:29:35]} 3.Nf3 {[%clk 1:30:37]} Nf6 {[%clk 1:30:01]}
4.cxd5 {[%clk 1:31:00]} cxd5 {[%clk 1:30:26]} 5.Nc3 {[%clk 1:31:22]}
Nc6 {[%clk 1:30:52]} 6.Bf4 {[%clk 1:31:44]} a6 {[%clk 1:31:13]}
7.Ne5 {[%clk 1:32:00]} Qb6 {[%clk 1:30:02]} 8.Nxc6 {[%clk 1:32:15]}
bxc6 {[%clk 1:30:27]} 9.Qd2 {[%clk 1:32:35]} Nh5 {[%clk 1:23:35]}
10.Be3 {[%clk 1:32:17]} Nf6 {[%clk 1:23:59]} 11.a3 {[%clk 1:31:28]}
Ng4 {[%clk 1:23:01]} 12.Bg5 {[%clk 1:22:46]} e5 {[%clk 1:03:34]}
13.h3 {[%clk 1:12:16]} f6 {[%clk 1:01:22]} 14.hxg4 {[%clk 1:06:47]}
fxg5 {[%clk 0:59:18]} 15.dxe5 {[%clk 1:04:38]} Rb8 {[%clk 0:53:37]}
16.b4 {[%clk 0:52:05]} a5 {[%clk 0:49:37]} 17.b5 {[%clk 0:45:28]}
d4 {[%clk 0:49:04]} 18.Ne4 {[%clk 0:44:54]} cxb5 {[%clk 0:45:06]}
19.Qxg5 {[%clk 0:44:10]} h6 {[%clk 0:37:28]} 20.Qf4 {[%clk 0:41:08]}
Be6 {[%clk 0:33:37]} 21.g3 {[%clk 0:29:37]} b4 {[%clk 0:22:33]}
22.Bg2 {[%clk 0:29:02]} b3 {[%clk 0:23:02]} 23.Nd6+ {[%clk 0:21:22]}
Bxd6 {[%clk 0:19:39]} 24.exd6 {[%clk 0:21:51]} b2 {[%clk 0:19:57]}
25.Rb1 {[%clk 0:22:10]} Qc5 {[%clk 0:19:54]} 26.O-O {[%clk 0:21:00]}
Rf8 {[%clk 0:19:48]} 27.Qe4 {[%clk 0:20:44]} Kf7 {[%clk 0:19:33]}
28.Rbd1 {[%clk 0:07:39]} Ba2 {[%clk 0:14:33]} 29.d7 {[%clk 0:07:01]}
Kg8 {[%clk 0:15:01]} 30.Qg6 {[%clk 0:05:04]} Rb6 {[%clk 0:13:59]}
31.Qe8 {[%clk 0:05:11]} Re6 {[%clk 0:13:12]} 32.Qh5 {[%clk 0:04:09]}
Qxh5 {[%clk 0:10:40]} 33.gxh5 {[%clk 0:04:38]} Rd8 {[%clk 0:11:04]}
34.Rxd4 {[%clk 0:03:12]} b1Q {[%clk 0:09:54]} 35.Rxb1 {[%clk 0:03:35]}
Bxb1 {[%clk 0:10:22]} 36.Bd5 {[%clk 0:03:28]} Kf7 {[%clk 0:10:50]}
37.Ra4 {[%clk 0:03:22]} Rxd7 {[%clk 0:11:10]} 38.Bxe6+ {[%clk 0:03:48]}
Kxe6 {[%clk 0:11:37]} 39.Rxa5 {[%clk 0:04:13]} Rd2 {[%clk 0:09:59]}
40.Kf1 {[%clk 0:03:35]} Ba2 {[%clk 0:09:12]} 41.Rc5 {[%clk 0:29:16]}
Rd1+ {[%clk 0:37:53]} 42.Kg2 {[%clk 0:29:41]} Re1 {[%clk 0:38:10]}
43.Kf3 {[%clk 0:27:11]} Kd6 {[%clk 0:36:30]} 44.Rc2 {[%clk 0:25:16]}
Bb3 {[%clk 0:34:29]} 45.Rb2 {[%clk 0:22:34]} Bc4 {[%clk 0:34:24]}
46.Ke3 {[%clk 0:18:19]} Ke5 {[%clk 0:32:19]} 47.Rc2 {[%clk 0:17:34]}
Ba6 {[%clk 0:32:26]} 48.f3 {[%clk 0:16:43]} Ra1 {[%clk 0:32:20]}
49.Rc5+ {[%clk 0:16:29]} Kd6 {[%clk 0:32:41]} 50.Ra5 {[%clk 0:16:51]}
Bc4 {[%clk 0:31:08]} 51.Ra7 {[%clk 0:16:39]} Ke5 {[%clk 0:31:15]}
52.Rxg7 {[%clk 0:15:48]} Ra2 {[%clk 0:30:32]} 53.Re7+ {[%clk 0:13:47]}
Kf6 {[%clk 0:30:17]} 54.Re4 {[%clk 0:13:08]} Rxe2+ {[%clk 0:29:49]}
55.Kf4 {[%clk 0:13:31]} Rc2 {[%clk 0:29:15]} 56.Re3 {[%clk 0:13:43]}
Bd5 {[%clk 0:29:14]} 1/2-1/2

[Event "World Cup 2021"]
[Site "Sochi"]
[Date "2021.07.27"]
[Round "35.5"]
[White "Duda Jan-Krzysztof (POL)"]
[Black "Grischuk Alexander (RUS)"]
[Result "1-0"]
[WhiteElo "2738"]
[BlackElo "2778"]
[Annotator ""]
[Source ""]
[Remark ""]

1.e4 {[%clk 0:25:18]} e5 {[%clk 0:25:03]} 2.Nf3 {[%clk 0:25:26]}
Nc6 {[%clk 0:25:11]} 3.Bb5 {[%clk 0:25:32]} Nf6 {[%clk 0:24:40]}
4.d3 {[%clk 0:25:40]} Bc5 {[%clk 0:24:38]} 5.Bxc6 {[%clk 0:25:44]}
dxc6 {[%clk 0:24:46]} 6.Nbd2 {[%clk 0:25:49]} Nd7 {[%clk 0:23:54]}
7.Nc4 {[%clk 0:23:55]} f6 {[%clk 0:24:00]} 8.Be3 {[%clk 0:23:44]}
Bxe3 {[%clk 0:15:17]} 9.Nxe3 {[%clk 0:23:36]} Nc5 {[%clk 0:15:08]}
10.O-O {[%clk 0:21:50]} O-O {[%clk 0:14:39]} 11.Kh1 {[%clk 0:20:59]}
a5 {[%clk 0:14:28]} 12.a4 {[%clk 0:19:16]} Be6 {[%clk 0:13:43]}
13.Qe1 {[%clk 0:18:39]} Bf7 {[%clk 0:12:32]} 14.Nh4 {[%clk 0:17:18]}
Ne6 {[%clk 0:12:34]} 15.g3 {[%clk 0:17:13]} Qd6 {[%clk 0:09:45]}
16.f4 {[%clk 0:15:33]} Qc5 {[%clk 0:09:53]} 17.Qd2 {[%clk 0:09:30]}
Rfd8 {[%clk 0:07:22]} 18.Rf2 {[%clk 0:08:35]} Rd7 {[%clk 0:07:11]}
19.Raf1 {[%clk 0:07:49]} b6 {[%clk 0:05:10]} 20.b3 {[%clk 0:01:39]}
Rad8 {[%clk 0:05:02]} 21.Nhf5 {[%clk 0:01:12]} Bg6 {[%clk 0:04:13]}
22.fxe5 {[%clk 0:01:12]} Qxe5 {[%clk 0:03:03]} 23.Nc4 {[%clk 0:01:08]}
Qc5 {[%clk 0:03:02]} 24.g4 {[%clk 0:01:16]} Ng5 {[%clk 0:01:28]}
25.Qe1 {[%clk 0:01:17]} Re8 {[%clk 0:00:28]} 26.h4 {[%clk 0:01:18]}
Nf7 {[%clk 0:00:27]} 27.Nfe3 {[%clk 0:00:19]} h6 {[%clk 0:00:21]}
28.Rf4 {[%clk 0:00:17]} Ne5 {[%clk 0:00:16]} 29.Qg3 {[%clk 0:00:14]}
Nxc4 {[%clk 0:00:18]} 30.Nxc4 {[%clk 0:00:19]} b5 {[%clk 0:00:17]}
31.Ne3 {[%clk 0:00:28]} Qe5 {[%clk 0:00:23]} 32.Qe1 {[%clk 0:00:23]}
Qc5 {[%clk 0:00:20]} 33.R1f3 {[%clk 0:00:23]} bxa4 {[%clk 0:00:13]}
34.bxa4 {[%clk 0:00:32]} Rd4 {[%clk 0:00:15]} 35.Qa1 {[%clk 0:00:18]}
Rb8 {[%clk 0:00:18]} 36.Kg2 {[%clk 0:00:24]} Rdb4 {[%clk 0:00:15]}
37.Qa2+ {[%clk 0:00:22]} Bf7 {[%clk 0:00:20]} 38.Qa3 {[%clk 0:00:31]}
Be6 {[%clk 0:00:19]} 39.Rg3 {[%clk 0:00:23]} Qe5 {[%clk 0:00:20]}
40.Rf2 {[%clk 0:00:30]} c5 {[%clk 0:00:14]} 41.g5 {[%clk 0:00:14]}
fxg5 {[%clk 0:00:18]} 42.hxg5 {[%clk 0:00:23]} h5 {[%clk 0:00:12]}
43.Nf5 {[%clk 0:00:31]} Rb1 {[%clk 0:00:12]} 44.Rgf3 {[%clk 0:00:14]}
Ra1 {[%clk 0:00:13]} 45.d4 {[%clk 0:00:14]} Rxa3 {[%clk 0:00:17]}
46.Ne7+ {[%clk 0:00:14]} Kh7 {[%clk 0:00:22]} 47.dxe5 {[%clk 0:00:21]}
Rxf3 {[%clk 0:00:12]} 48.Rxf3 {[%clk 0:00:30]} Rb4 {[%clk 0:00:16]}
49.g6+ {[%clk 0:00:26]} Kh6 {[%clk 0:00:24]} 50.Nf5+ {[%clk 0:00:34]}
Kxg6 {[%clk 0:00:17]} 51.Rg3+ {[%clk 0:00:43]} Kf7 {[%clk 0:00:25]}
52.Rxg7+ {[%clk 0:00:51]} Kf8 {[%clk 0:00:34]} 53.Rg6 {[%clk 0:00:45]}
Bf7 {[%clk 0:00:25]} 54.Rf6 {[%clk 0:00:28]} Rb6 {[%clk 0:00:20]}
55.Kf3 {[%clk 0:00:18]} Rxf6 {[%clk 0:00:18]} 56.exf6 {[%clk 0:00:26]}
Be8 {[%clk 0:00:27]} 57.e5 {[%clk 0:00:32]} Kf7 {[%clk 0:00:14]}
58.Kf4 {[%clk 0:00:41]} Bxa4 {[%clk 0:00:20]} 59.Nh6+ {[%clk 0:00:48]}
Ke6 {[%clk 0:00:11]} 60.f7 {[%clk 0:00:52]} Ke7 {[%clk 0:00:21]}
61.e6 {[%clk 0:01:01]} Be8 {[%clk 0:00:12]} 62.Nf5+ {[%clk 0:00:44]}
Kf8 {[%clk 0:00:20]} 63.fxe8Q+ {[%clk 0:00:49]} Kxe8 {[%clk 0:00:29]}
64.Ke5 {[%clk 0:00:56]} 1-0

[Event "World Cup 2021"]
[Site "Sochi"]
[Date "2021.07.29"]
[Round "42.2"]
[White "Karjakin Sergey (RUS)"]
[Black "Shankland Sam (USA)"]
[Result "1-0"]
[WhiteElo "2757"]
[BlackElo "2709"]
[Annotator ""]
[Source ""]
[Remark ""]

1.e4 {[%clk 1:30:58]} e6 {[%clk 1:30:49]} 2.d3 {[%clk 1:29:03]}
d5 {[%clk 1:30:57]} 3.Nd2 {[%clk 1:29:28]} Nf6 {[%clk 1:31:19]}
4.Ngf3 {[%clk 1:28:58]} Be7 {[%clk 1:30:07]} 5.g3 {[%clk 1:29:15]}
a5 {[%clk 1:30:32]} 6.Bg2 {[%clk 1:28:58]} a4 {[%clk 1:29:06]}
7.a3 {[%clk 1:29:00]} c5 {[%clk 1:27:43]} 8.O-O {[%clk 1:29:19]}
Nc6 {[%clk 1:28:04]} 9.Re1 {[%clk 1:28:44]} O-O {[%clk 1:24:49]}
10.e5 {[%clk 1:29:04]} Nd7 {[%clk 1:25:15]} 11.Nf1 {[%clk 1:29:27]}
b5 {[%clk 1:19:28]} 12.h4 {[%clk 1:29:27]} Bb7 {[%clk 1:18:24]}
13.h5 {[%clk 1:18:04]} h6 {[%clk 1:18:26]} 14.Bf4 {[%clk 1:09:12]}
Qb6 {[%clk 1:10:17]} 15.Qd2 {[%clk 1:05:19]} Rfc8 {[%clk 1:10:01]}
16.g4 {[%clk 1:04:01]} Qd8 {[%clk 0:59:41]} 17.N1h2 {[%clk 0:59:34]}
Ra6 {[%clk 0:54:51]} 18.Kh1 {[%clk 0:51:27]} b4 {[%clk 0:47:43]}
19.Rg1 {[%clk 0:48:08]} Nf8 {[%clk 0:43:37]} 20.axb4 {[%clk 0:38:04]}
cxb4 {[%clk 0:43:59]} 21.d4 {[%clk 0:38:30]} Na5 {[%clk 0:36:45]}
22.g5 {[%clk 0:32:15]} Nc4 {[%clk 0:34:57]} 23.Qc1 {[%clk 0:32:41]}
hxg5 {[%clk 0:32:23]} 24.Bxg5 {[%clk 0:32:39]} b3 {[%clk 0:29:56]}
25.Bxe7 {[%clk 0:32:03]} Qxe7 {[%clk 0:30:22]} 26.Bf1 {[%clk 0:28:45]}
a3 {[%clk 0:27:36]} 27.Rxg7+ {[%clk 0:26:25]} Kxg7 {[%clk 0:26:05]}
28.Ng4 {[%clk 0:26:41]} f5 {[%clk 0:19:59]} 29.exf6+ {[%clk 0:26:54]}
Qxf6 {[%clk 0:20:22]} 30.Nxf6 {[%clk 0:27:14]} axb2 {[%clk 0:20:31]}
31.Qg5+ {[%clk 0:26:19]} Kf7 {[%clk 0:21:00]} 32.h6 {[%clk 0:26:32]}
Ng6 {[%clk 0:20:48]} 33.Nh4 {[%clk 0:26:29]} bxa1Q {[%clk 0:15:50]}
34.Qxg6+ {[%clk 0:26:51]} Ke7 {[%clk 0:16:18]} 35.Qg7+ {[%clk 0:27:15]}
Kd6 {[%clk 0:16:46]} 36.Qd7# {[%clk 0:27:40]} 1-0

[Event "World Cup 2021"]
[Site "Sochi"]
[Date "2021.07.29"]
[Round "42.4"]
[White "Duda Jan-Krzysztof (POL)"]
[Black "Vidit Santosh Gujrathi (IND)"]
[Result "1-0"]
[WhiteElo "2738"]
[BlackElo "2726"]
[Annotator ""]
[Source ""]
[Remark ""]

1.e4 {[%clk 1:30:49]} e5 {[%clk 1:30:30]} 2.Nf3 {[%clk 1:31:13]}
Nc6 {[%clk 1:30:36]} 3.Bb5 {[%clk 1:31:37]} a6 {[%clk 1:30:53]}
4.Ba4 {[%clk 1:32:01]} Nf6 {[%clk 1:31:10]} 5.O-O {[%clk 1:32:19]}
b5 {[%clk 1:31:00]} 6.Bb3 {[%clk 1:32:44]} Bc5 {[%clk 1:31:18]}
7.a4 {[%clk 1:32:53]} Rb8 {[%clk 1:31:18]} 8.c3 {[%clk 1:33:09]}
d6 {[%clk 1:31:22]} 9.d4 {[%clk 1:33:13]} Bb6 {[%clk 1:31:32]}
10.a5 {[%clk 1:33:35]} Ba7 {[%clk 1:31:49]} 11.h3 {[%clk 1:33:58]}
Bb7 {[%clk 1:31:06]} 12.Be3 {[%clk 1:31:50]} Nxe4 {[%clk 1:30:52]}
13.d5 {[%clk 1:25:09]} Bxe3 {[%clk 1:31:07]} 14.dxc6 {[%clk 1:25:34]}
Nxf2 {[%clk 1:31:19]} 15.Qe2 {[%clk 1:25:48]} Nxh3+ {[%clk 1:31:23]}
16.Kh1 {[%clk 1:26:14]} Nf2+ {[%clk 1:31:33]} 17.Rxf2 {[%clk 1:26:38]}
Bxf2 {[%clk 1:31:55]} 18.Qxf2 {[%clk 1:26:54]} Bxc6 {[%clk 1:31:28]}
19.Nxe5 {[%clk 1:26:52]} Bxg2+ {[%clk 1:31:24]} 20.Kg1 {[%clk 1:26:38]}
Qf6 {[%clk 1:24:11]} 21.Nxf7 {[%clk 1:19:15]} Qxf2+ {[%clk 1:24:00]}
22.Kxf2 {[%clk 1:19:40]} Rf8 {[%clk 1:24:24]} 23.Kxg2 {[%clk 1:19:36]}
Rxf7 {[%clk 1:24:46]} 24.Bxf7+ {[%clk 1:20:01]} Kxf7 {[%clk 1:25:13]}
25.Nd2 {[%clk 1:20:17]} Re8 {[%clk 1:09:13]} 26.Rf1+ {[%clk 1:15:11]}
Kg6 {[%clk 1:09:24]} 27.Kf2 {[%clk 1:15:36]} h5 {[%clk 0:42:56]}
28.Rg1+ {[%clk 1:09:14]} Kf6 {[%clk 0:42:49]} 29.Kf3 {[%clk 1:08:15]}
g6 {[%clk 0:42:34]} 30.Ne4+ {[%clk 0:59:15]} Kg7 {[%clk 0:42:55]}
31.Nf2 {[%clk 0:55:48]} Rf8+ {[%clk 0:31:31]} 32.Kg2 {[%clk 0:55:53]}
Re8 {[%clk 0:23:54]} 33.Nd3 {[%clk 0:53:54]} g5 {[%clk 0:13:54]}
34.Nb4 {[%clk 0:39:59]} Re2+ {[%clk 0:09:42]} 35.Kh1 {[%clk 0:28:47]}
Rxb2 {[%clk 0:10:02]} 36.Ra1 {[%clk 0:28:07]} c5 {[%clk 0:08:38]}
37.Nxa6 {[%clk 0:28:29]} b4 {[%clk 0:08:51]} 38.Nxb4 {[%clk 0:21:54]}
cxb4 {[%clk 0:09:15]} 39.a6 {[%clk 0:22:19]} bxc3 {[%clk 0:08:46]}
40.a7 {[%clk 0:22:17]} c2 {[%clk 0:09:01]} 41.a8Q {[%clk 0:22:38]}
Rb1+ {[%clk 0:09:25]} 42.Kg2 {[%clk 0:22:29]} c1Q {[%clk 0:06:45]}
43.Ra7+ {[%clk 0:22:54]} Kf6 {[%clk 0:06:08]} 44.Qf8+ {[%clk 0:23:00]}
Ke5 {[%clk 0:02:24]} 45.Re7+ {[%clk 0:22:45]} Kd5 {[%clk 0:23:09]}
46.Qf3+ {[%clk 0:52:13]} Kc5 {[%clk 0:21:27]} 47.Rc7+ {[%clk 0:52:19]}
Kb4 {[%clk 0:15:35]} 48.Qb7+ {[%clk 0:52:06]} Ka5 {[%clk 0:15:31]}
49.Qa7+ {[%clk 0:52:25]} Kb5 {[%clk 0:15:33]} 50.Qb8+ {[%clk 0:52:51]}
 1-0